Deutsch als fremdsprache II aufbaukurs (Record no. 62060)

MARC details
000 -LÍDER
campo de controle de tamanho fixo 00384 a2200145 4500
001 - NÚMERO DE CONTROLE
campo de controle 62060
020 ## - ISBN - INTERNATIONAL STANDARD BOOK NUMBER
ISBN - International Standard Book Number
040 ## - FONTE DA CATALOGAÇÃO
Instituição que transcreveu o registro Anchieta - Pituba
100 ## - ENTRADA PRINCIPAL--NOME PESSOAL
Nome pessoal Braun, Korbinian
240 10 - TÍTULO UNIFORME
Título uniforme Deutsch als fremdsprache II aufbaukurs
Idioma da obra deu / ger
245 10 - TÍTULO
Título Deutsch als fremdsprache II aufbaukurs
300 ## - DESCRIÇÃO FÍSICA
Extensão 152
650 #4 - ASSUNTO--TERMO TÓPICO
Cabeçalho tópico ou nome geográfico Línguas germânicas (teutônicas) língua alemã
942 ## - ELEMENTOS DE ENTRADA ADICIONADOS (KOHA)
Tipo de material Koha Livros
Holdings
Situação do descarte Situação das perdas Situação física Não pode ser emprestado Biblioteca de origem Biblioteca atual Data de aquisição Total de empréstimos Número de chamada completo Código de barras Data de último acesso Data do preço efetivo Tipo de material Koha
        Colégio Anchieta - Pituba Colégio Anchieta - Pituba 21/11/2023   430 B825d BRA DEU 14489/PIT 21/11/2023 21/11/2023 Livros